Vimathar Britishrajinethire(വിമതർ ബ്രിട്ടീഷ് രാജിനെതിരെ) (Record no. 115361)

MARC details
000 -LEADER
fixed length control field 00315 a2200097 4500
020 ## - INTERNATIONAL STANDARD BOOK NUMBER
International Standard Book Number 9789364879552
100 ## - MAIN ENTRY--PERSONAL NAME
Personal name Ramachandra Guha, N. K. Bhoopesh, tr.
245 ## - TITLE STATEMENT
Title Vimathar Britishrajinethire(വിമതർ ബ്രിട്ടീഷ് രാജിനെതിരെ)
260 ## - PUBLICATION, DISTRIBUTION, ETC. (IMPRINT)
Name of publisher, distributor, etc D C books
Date of publication, distribution, etc 2024
942 ## - ADDED ENTRY ELEMENTS (KOHA)
Koha item type On order/under processing
Holdings
Withdrawn status Lost status Damaged status Not for loan Home library Current library Date acquired Source of acquisition Cost, normal purchase price Total Checkouts Barcode Date last seen Cost, replacement price Price effective from Koha item type
        University Library University Library 03/03/2026 275 413.35   00097443 03/03/2026 620.00 03/03/2026 On order/under processing
University Library, CUSAT